Bezdomovci jako nositelé stigmatu a příjemci pomoci
Problematika prípadovej sociálnej práce a súčasná situácia v sociálnej práci s ľuďmi bez domova v ČR, ktorá navrhuje vhodné postupy pre sociálnu prácu s touto cieľovou skupinou. Reflexia praxe sociálnej práce i teoretických a empirických štúdií bezdomovectva.
Salvato in:
| Autore principale: | |
|---|---|
| Natura: | Capitolo di libro |
| Lingua: | ceco |
| Soggetti: | |
| Tags: |
Nessun Tag, puoi essere il primo ad aggiungerne!!
|
MARC
| LEADER | 00000naa a2200000 4500 | ||
|---|---|---|---|
| 001 | 0211564 | ||
| 005 | 20220729110622.8 | ||
| 041 | 0 | |a cze | |
| 044 | |a CZ | ||
| 245 | 1 | 0 | |a Bezdomovci jako nositelé stigmatu a příjemci pomoci |c Martin Stanoev |
| 520 | |a Problematika prípadovej sociálnej práce a súčasná situácia v sociálnej práci s ľuďmi bez domova v ČR, ktorá navrhuje vhodné postupy pre sociálnu prácu s touto cieľovou skupinou. Reflexia praxe sociálnej práce i teoretických a empirických štúdií bezdomovectva. | ||
| 610 | 2 | 0 | |a ľudia bez domova |
| 610 | 2 | 0 | |a problémy spoločenské |
| 610 | 2 | 0 | |a podmienky sociálne |
| 610 | 2 | 0 | |a nerovnosť sociálna |
| 610 | 2 | 0 | |a situácia sociálna |
| 610 | 2 | 0 | |a práca sociálna |
| 610 | 2 | 0 | |a výskum aplikovaný |
| 100 | 1 | |a Stanoev, Martin | |